名称に"急行"がつく鉄道事業者 - Statistics

General Stats
  • This quiz has been taken 313 times
  • The average score is 6 of 21
Answer Stats
% Correct
京浜急行電鉄
84%
東京急行電鉄
76%
阿武隈急行
50%
北大阪急行電鉄
45%
智頭急行
44%
北越急行
43%
阪神急行電鉄
38%
伊豆急行
36%
小田原急行鉄道
29%
京阪神急行電鉄
29%
富士急行
29%
千葉急行電鉄
22%
参宮急行電鉄
21%
北神急行電鉄
19%
磐梯急行電鉄
12%
関西急行電鉄
11%
名古屋急行電鉄
9%
関西急行鉄道
8%
琴平急行電鉄
7%
東京山手急行電鉄
3%
信貴山急行電鉄
2%
No matching quizzes found
Score Distribution
Percent of People with Each Score
Percentile by Number Answered
Your Score History
You have not taken this quiz